Toeic icon : L/C Basic

The TOEIC ICON series is designed to help you cope with these challenges. Beginning with the Basic level (LC and RC), the TOEIC ICON series introduces basic vocabulary and grammar patterns and provides the users with extensive practise to acquire them. Through step-by-step lessons, the skills and st...

全面介紹

Đã lưu trong:
書目詳細資料
格式: 圖書
語言:Undetermined
出版: Thành phố Hồ Chí Minh Tổng hợp 2015
主題:
標簽: 添加標簽
沒有標簽, 成為第一個標記此記錄!
Thư viện lưu trữ: Trung tâm Học liệu Trường Đại học Cần Thơ
LEADER 00970nam a2200205Ia 4500
001 CTU_202584
008 210402s9999 xx 000 0 und d
082 |a 428.0076 
082 |b T641/CD 
245 0 |a Toeic icon : 
245 0 |b L/C Basic 
245 0 |c Nguyễn Văn Sướng (Biên tập) 
260 |a Thành phố Hồ Chí Minh 
260 |b Tổng hợp 
260 |c 2015 
520 |a The TOEIC ICON series is designed to help you cope with these challenges. Beginning with the Basic level (LC and RC), the TOEIC ICON series introduces basic vocabulary and grammar patterns and provides the users with extensive practise to acquire them. Through step-by-step lessons, the skills and strategies to effectiely handle all parts of the test are at the forefront of the series. 
650 |a English language,Tiếng Anh 
650 |x Examinations,Kỳ thi 
904 |i Tuyến 
980 |a Trung tâm Học liệu Trường Đại học Cần Thơ